Steve McQueen Filmography - Statistics

General Stats
  • This quiz has been taken 53 times
    31 since last reset
  • The average score is 14 of 67
Answer Stats
Type Year Name % Correct
Film 1963 The Great Escape
90%
Film 1968 Bullitt
76%
Film 1973 Papillon
71%
Film 1960 The Magnificent Seven
71%
Film 1972 The Getaway
62%
Film 1966 The Sand Pebbles
62%
Film 1968 The Thomas Crown Affair
62%
Film 1974 The Towering Inferno
62%
Film 1958 The Blob
52%
Film 1965 The Cincinnati Kid
48%
Film 1980 The Hunter
48%
Film 1980 Tom Horn
43%
TV Show 1958-1961 Wanted Dead or Alive
43%
Film 1962 Hell Is for Heroes
38%
Film 1966 Nevada Smith
38%
Film 1963 Love with the Proper Stranger
33%
Film 1959 Never So Few
33%
Film 1962 The War Lover
33%
Film 1978 An Enemy of the People
29%
Film 1971 Le Mans
29%
Film 1958 Never Love a Stranger
29%
Film 1956 Somebody Up There Likes Me
29%
Film 1965 Baby the Rain Must Fall
24%
Film 1969 The Reivers
24%
Film 1972 Junior Bonner
19%
Film 1963 Soldier in the Rain
19%
Film 1959 The Great St. Louis Bank Robbery
19%
Film 1961 The Honeymoon Machine
19%
TV Show 1959, 1960 Alfred Hitchcock Presents
14%
Film 1953 Girl on the Run
14%
Documentary 1971 On Any Sunday
14%
TV Show 1958 Climax!
10%
TV Show 1955 Goodyear Television Playhouse
10%
TV Show 1957 Studio One
10%
TV Show 1958 Tales of Wells Fargo
10%
TV Show 1957 The 20th Century Fox Hour
10%
TV Show 1957 The Big Story
10%
TV Show 1956 The United States Steel Hour
10%
TV Show 1957 The West Point Story
10%
TV Show 1958 Trackdown
10%
Theater 1955-1956 A Hatful of Rain
5%
Commercial 1973 Honda Elsinore CR250
5%
Documentary 1990 Steve McQueen: Man on the Edge
5%
TV Documentary 1998 Steve McQueen: The King of Cool
5%
TV Show 1955 Armstrong Circle Theatre
0%
Film 1976 Dixie Dynamite
0%
TV Short 1952 Family Affair
0%
Commercial 1997, 2005 Ford
0%
Documentary 2014 I Am Steve McQueen
0%
TV Show 1956 Matinee Theatre
0%
Theater 1953 Member of the Wedding
0%
Theater 1953 Peg O' My Heart
0%
TV Show 1960 Perry Como's Kraft Music Hall
0%
TV Show 1955 Playwrights '56
0%
Short TV Documentary 2003 Steve McQueen and Ali Mac Graw
0%
TV Documentary 2005 Steve McQueen: The Essence of Cool
0%
Documentary 2021 Steve McQueen: The Lost Movie
0%
TV Documentary 2015 Steve McQueen: The Man & Le Mans
0%
TV Show 1960 The Bob Hope Show
0%
Short TV Documentary 1966 The Coming of the Roads
0%
Documentary 2021 The Conversion of Steve McQueen
0%
TV Show 1963 The Dick Powell Theatre
0%
TV Show 1958, 1968 The Ed Sullivan Show
0%
TV Show 1959 The Juke Box Jury
0%
Theater 1953, 1954 Time Out for Ginger
0%
Theater 1956 Two Fingers of Pride
0%
Commercial 1958 Viceroy Cigarettes
0%
No matching quizzes found
Score Distribution
Percent of People with Each Score
Percentile by Number Answered
Your Score History
You have not taken this quiz since the last reset